| 000 | 01921njm a2200277 a 4500 | ||
|---|---|---|---|
| 003 | BLK | ||
| 005 | 20241008114532.0 | ||
| 007 | sd asmalaaahaa | ||
| 008 | 221104b bu |||||s|||| 00| | bu d | ||
| 028 | _aЗЗД 027245-46 | ||
| 040 | _aBLK | ||
| 041 |
_aRUS _cRUS |
||
| 080 |
_aПиано. Вариации, прелюдии, фуги, увертюри, интермеци, интерлюдии _b786.2.083.2 _x(086.72) _z786.2.083.2(086.72) |
||
| 100 |
_91299 _aШопен, Фредерик _d1810 - 1849 _eпърви автор _qШопен, Фредерик Франсоа |
||
| 245 |
_aДвадцать четыре прелюдии _cФредерик Шопен; Нелли Акопян - пиано |
||
| 260 |
_9210743 _aМосква _bМелодия _c1970 |
||
| 300 |
_a1 грамофонна плоча _b33 об/мин., стерео _c30 см |
||
| 380 | _a7 | ||
| 500 | _aСторона 1: 24 прелюдии, соч. 28 1. до мажор 2. ля минор 3. соль мажор 4. ми минор 5. ре мажор 6. си минор 7. ля мажор 8. фа диез минор 9. ми мажор 10. до диез минор 11. си мажор 12. соль диез минор 13. фа диез мажор 14. ми бемоль минор Сторона 2: 24 прелюдии, соч. 28 (окончание) 15. ре бемоль мажор 16. си бемоль минор 17. ля бемоль мажор 18. фа минор 19. ми бемоль мажор 20. до минор 21. си бемоль мажор 22. соль минор 23. фа мажор 24. ре минор | ||
| 653 |
_9188627 _aклавирна музика |
||
| 700 |
_9824 _aАкопян, Нелли _eпиано |
||
| 852 |
_aФ ІІ 2257 _bЦб |
||
| 856 |
_i0.00 _ldisable |
||
| 942 |
_cGPL _n0 |
||
| 944 |
_cХристина Везирева _k30535 _lХристина Везирева _a30535 |
||
| 999 |
_c518766 _d518766 |
||